000 00826nam a2200253Ia 4500
003 OSt
005 20220923210931.0
006 a|||||r|||| 00| 0
007 ta
008 220922b |||||||| |||| 00| 0 san d
020 _a8120815882 (pb)
024 _a231,073
037 _cTextual
040 _aARTS
_cARTS
_bsan
041 _2san
_asan
082 _aR65,6:g, 15N7
100 _aअग्रवाल, सत्य प्रकाश
_9156354
245 0 _aलोक संग्रह सन्देशः
246 _aLok sangrah sandeshah
260 _aकोलम्बिया
_b उर्मिला अग्रवाल
_c1997
300 _a46पृ.
_ccm.
942 _hR65,6:g, 15N7
_cTEXL
_2CC
999 _c293031
_d293031